000 00742 a2200217 4500
020 _a1591405688
020 _a1591405408
020 _a1591405416 (ebook)
040 _aDLC
_bDLC
082 0 0 _a004.6
245 0 0 _aWireless information highways
_cDimitrios Katsaros, Alexandros Nanopoulos and Yannis Manolopoulos, [editors].
260 _aHershey, PA :
_bIRM Press,
_cc2005.
300 _axvi, 482 p. :
_bill. ;
_c27 cm.
650 0 _aWireless communication systems.
650 0 _aInformation superhighway.
700 1 _aKatsaros, Dimitrios.
700 1 _aNanopoulos, Alexandros.
700 1 _aManolopoulos, Yannis,
_d1957-
856 4 1 _3Table of contents
_uhttp://www.loc.gov/catdir/toc/ecip051/2004022151.html
942 _cBK
_k004.6 KAT
_2ddc
999 _c4182
_d4182